=LDR 00000nam 2200000 4500 =001 INLIS000000000033285 =005 20130612135241 =008 ***********************************ind** =035 ##$$a0010-061300000033285 =041 ##$$a ind =082 ##$$a 621.87 =090 ##$$a 621.87, Sur a =100 ##$$a Suryadharma, Hendra =245 ##$$a Alat-alat berat, Hendra suryadharma, Haariyanto yoso wigroho =260 ##$$a 1998 $b Yogyakarta =300 ##$$a vii,168 hlm, Ilus, 21 cm =650 ##$$a Teknik, Alat-Alat =700 ##$$a Wigroho, Haryanto Yoso =850 ##$$a NBPNMAT =990 ##$$a 0001/BPAP-NTB/20142014 =990 ##$$a 1289112891 =990 ##$$a 0001/BPAP-NTB/20142014 =990 ##$$a 01201712891 =990 ##$$a 3623036230 =990 ##$$a 01201807093 =990 ##$$a 0001/BPAP-NTB/20142014 =990 ##$$a 01201712891 =990 ##$$a 01201712891 =990 ##$$a 0001/BPAP-NTB/20142014 =990 ##$$a 01201807093 =990 ##$$a 01201712891 =990 ##$$a 0001/BPAP-NTB/20142014 =990 ##$$a 01201807093